El empleo de herbicidas en el altramuz (lupino) /

Guardado en:
Autor Principal: Jambrina Alonso, José Luis
Formato: Libro
Publicado: España : Inia, 1983
Series:Hoja técnica, 50
Materias:
Etiquetas: Agregar Etiqueta
Sin Etiquetas, Sea el primero en etiquetar este registro!
LEADER 00534nam a22001815a 4500
001 CEM.cems003444
008 130507s1983##################000#0#####d
005 20210826185004.0
003 CEMS
245 1 0 |a El empleo de herbicidas en el altramuz (lupino) /  |c José Luis Jambrina Alonso 
260 |a España :  |b Inia,  |c 1983 
300 |a 15 p. 
490 0 |a Hoja técnica, 50 
100 1 |a Jambrina Alonso, José Luis 
082 0 4 |a 633.3 
653 |a Agricultura 
653 |a Lupinus 
859 |a CEMS  |b BIB. CEMS - Agricultura  |h 633.3  |i J229  |p A1256783  |t Ej.1